000 01041nam a2200313 i 4500
001 bg
003 BPK
005 20200114144224.0
008 981027s1996 pl a f f |000 0 pol
015 _aPB 13965/98
020 _a8385366059
040 _aWA N
_cBPK
041 0 _apol
080 _a336.71
080 _a(075.8)
100 1 _aJaworski, Władysław Leopold
_d(1929-2017)
_eAutor
245 1 0 _aBankowość :
_bpodstawowe założenia /
_cWładysław Leopold Jaworski.
250 _aWyd. 4 zaktual. i rozsz.
260 _aWarszawa :
_b"Poltext",
_c1996.
300 _a229 s. :
_bwykr. ;
_c21 cm.
490 1 _aStudia Finansowo-Bankowe / Szkoła Główna Handlowa.
504 _aBibliogr. s. 227-229.
655 4 _aPodręczniki akademickie
650 4 _aBanki
710 2 _aWydawnictwo Poltext.
_4pbl.
830 0 _aStudia Finansowo-Bankowe - Szkoła Główna Handlowa
942 _2udc
_cKS
856 _uhttp://koha.tu.koszalin.pl/cgi-bin/koha/opac-detail.pl?biblionumber=25318
_yKatalog online BPK
999 _c25318
_d25318